000 00569nam a2200193Ia 4500
005 20250923145317.0
008 008 250917s9999 xx 000 0 eng d
037 _aTextual
040 _aDSWL
_beng
_cDSWL
041 _aeng
_2eng
084 _aY5x1,N6-N5, N69;3
_qDSWL
245 0 _aSocial inequality : Selected readings
_c Ed.by Andre Beteille
260 _aHarmondsworth
_bPenguin Books Ltd.
_c1969
300 _a397 p.
365 _aINR
_b9 . 90
925 _g9 . 90
942 _cTEXL
_hY5x1,N6-N5, N69;3
999 _c1449797
_d1449797